Overwatch Ultimates - Statistics

General Stats
  • This quiz has been taken 244 times
    195 since last reset
  • The average score is 25 of 36
Answer Stats
Ultimate Name Hero % Correct
Nano Boost Ana
97%
Blizzard Mei
97%
Primal Rage Winston
92%
Dragonstrike Hanzo
91%
Kitsune Rush Kiriko
91%
Molten Core Torbjorn
91%
Transcendence Zenyatta
90%
Duplicate Echo
87%
Valkyrie Mercy
85%
Minefield Wrecking Ball
85%
Tactical Visor Soldier: 76
84%
Coalescence Moira
83%
Graviton Surge Zarya
82%
Meteor Strike Doomfist
78%
Self Destruct/Call Mech D.Va
78%
B.O.B Ashe
77%
Rally Brigitte
77%
Deadeye Cassidy
77%
RIP-Tire Junkrat
76%
Barrage Pharah
76%
Death Blossom Reaper
73%
Earthshatter Reinhardt
70%
Configuration: Tank Bastion
68%
Pulse Bomb Tracer
68%
Whole ___ Roadhog
67%
Sound Barrier Lucio
59%
Dragonblade Genji
55%
Amplification Matrix Baptiste
46%
Gravitic Flux Sigma
46%
EMP Sombra
43%
Rampage Junker Queen
41%
Infra-Sight Widowmaker
41%
Supercharger Orisa
39%
Annihilation Ramattra
38%
Photon Barrier Symmetra
37%
Overclock Sojourn
32%
No matching quizzes found
Score Distribution
Percent of People with Each Score
Percentile by Number Answered
Your Score History
You have not taken this quiz since the last reset